书目信息 |
| 题名: |
艺术治疗
|
|
| 作者: | 陆雅青 著 | |
| 分册: | ||
| 出版信息: | 重庆 重庆大学出版社 2013 |
|
| 页数: | 250页 | |
| 开本: | 24cm | |
| 丛书名: | 鹿鸣心理 心理咨询师系列 | |
| 单 册: | ||
| 中图分类: | R749.940.5 | |
| 科图分类: | ||
| 主题词: | 艺术--yi shu--应用--儿童--精神疗法--研究 | |
| 电子资源: | ||
| ISBN: | 978-7-5624-7612-2 | |
| 000 | 01179nam0 22002771 450 | |
| 001 | 0102164924 | |
| 005 | 20170502164924.0 | |
| 010 | @a978-7-5624-7612-2@dCNY46.00 | |
| 100 | @a20131010d2013 em y0chiy50 ea | |
| 101 | 0 | @achi |
| 102 | @aCN@b500000 | |
| 105 | @aa z 000yy | |
| 106 | @ar | |
| 200 | 1 | @a艺术治疗@9yi shu zhi liao@e绘画诠释:从美术进入孩子的心灵世界@f陆雅青著 |
| 210 | @a重庆@c重庆大学出版社@d2013 | |
| 215 | @a250页@c彩图(16页)@d24cm | |
| 225 | 2 | @a鹿鸣心理 心理咨询师系列@9lu ming xin li xin li zi xun shi xi lie |
| 305 | @a原书第3版 台湾心理出版社有限公司授权出版 | |
| 330 | @a本书以Lowenfeld的儿童绘画发展阶段理论为基础,结合其他发展学理论,从艺术治疗的观点来阐释各阶段儿童绘画的一般图像表征、生理特质、可能的行为动机及心理意义,以作为判断当事人是否适龄/不适龄、健康/不健康的参考。 | |
| 461 | 0 | @12001 @a鹿鸣心理 心理咨询师系列 |
| 517 | 1 | @a绘画诠释:从美术进入孩子的心灵世界@9hui hua quan shi cong mei shu jin ru hai zi de xin ling shi jie |
| 606 | 0 | @a艺术@9yi shu@x应用@x儿童@x精神疗法@x研究 |
| 690 | @aR749.940.5@v5 | |
| 701 | 0 | @a陆雅青@9lu ya qing@4著 |
| 801 | 0 | @aCN@b百万庄@c20170308 |
| 905 | @b1002958-63@dR749.940.5@e119@f6 | |
| 艺术治疗:绘画诠释:从美术进入孩子的心灵世界/陆雅青著 .-重庆:重庆大学出版社,2013 |
| 250页:彩图(16页);24cm.-(鹿鸣心理 心理咨询师系列) |
| ISBN 978-7-5624-7612-2:CNY46.00 |
| 本书以Lowenfeld的儿童绘画发展阶段理论为基础,结合其他发展学理论,从艺术治疗的观点来阐释各阶段儿童绘画的一般图像表征、生理特质、可能的行为动机及心理意义,以作为判断当事人是否适龄/不适龄、健康/不健康的参考。 |
| ● |
| 相关链接 |
|
|
|
|
正题名:艺术治疗
索取号:R749.940.5/119
 
预约/预借
| 序号 | 登录号 | 条形码 | 馆藏地/架位号 | 状态 | 备注 |
| 1 | 1002958 | 210029583 | 第二样本阅览室/ [索取号:R749.940.5/119] | 在馆 | |
| 2 | 1002959 | 210029592 | 教育系资料室/ [索取号:R749.940.5/119] | 在馆 | |
| 3 | 1002960 | 210029609 | 教育系资料室/ [索取号:R749.940.5/119] | 在馆 | |
| 4 | 1002961 | 210029618 | 教育系资料室/ [索取号:R749.940.5/119] | 在馆 | |
| 5 | 1002962 | 210029627 | 第三借阅区/ [索取号:R749.940.5/119] | 在馆 | |
| 6 | 1002963 | 210029636 | 第三借阅区/ [索取号:R749.940.5/119] | 在馆 |